Queen - Radio Ga Ga all lyrics - Statistics

General Stats
  • This quiz has been taken 114 times
  • The average score is 197 of 272
Answer Stats
Lyrics % Correct
A
97%
Ga
97%
Ga
97%
Radio
97%
Radio,
97%
I
96%
Hear
94%
We
94%
You
94%
You!
94%
All
90%
Is
88%
So
87%
The
87%
Some
86%
And
85%
Still
83%
Loves
79%
My
79%
On
79%
Someone
79%
Your
79%
Goo
77%
Watch
77%
Time
73%
To
72%
It
71%
Had
69%
New?
69%
Teenage
69%
Hour
68%
Know
68%
Don't
67%
Through
67%
Friend
65%
Just
65%
Heard
64%
What's
64%
Who
64%
For
63%
When
63%
Alone
62%
Care
62%
Cry
62%
Made
62%
There
62%
Only
60%
Finest
59%
Have
59%
Like
59%
You're
59%
Blah
58%
Everything
58%
Girls
58%
Nights
58%
Us
58%
Boys
56%
Feel
56%
Hours
56%
Laugh
56%
Not
56%
Sit
56%
Them
56%
Become
54%
Noise
54%
Power
54%
Stars
54%
Background
53%
Yet
53%
You've
53%
Could
51%
Fly
51%
Light
50%
I'd
49%
Shows
49%
Years
49%
By
47%
Our
47%
Miss
45%
Old
45%
Around
44%
Complain
44%
Music
44%
Or
44%
Ears
42%
Mars
42%
Need
42%
Those
42%
Changes
41%
Never
41%
Use
41%
Videos
41%
'Cause
40%
Gave
40%
This
40%
Leave
38%
Of
38%
Might
37%
Stick
37%
Hope
33%
Invaded
33%
Depend
32%
Hardly
32%
Let's
32%
Wars
32%
Backdrop
31%
Visual
31%
How
29%
Things
29%
Good
28%
Tired
28%
Worlds
28%
Grow
23%
Old-Time
22%
No matching quizzes found
Score Distribution
Percent of People with Each Score
Percentile by Number Answered
Your Score History
You have not taken this quiz